ბათუმის შოთა რუსთაველის სახელმწიფო უნივერსიტეტის ბიბლიოთეკა

Bone Mechanics Handbook / (ბიბ.ჩანაწერი № 61826)

000 -LEADER
fixed length control field 00641nam a22001937a 4500
005 - DATE AND TIME OF LATEST TRANSACTION
control field 20240522111434.0
008 - FIXED-LENGTH DATA ELEMENTS--GENERAL INFORMATION
fixed length control field 240522s2001 enk||||| |||| 00| 0 eng d
020 ## - INTERNATIONAL STANDARD BOOK NUMBER
International Standard Book Number 9780849391170x
041 ## - LANGUAGE CODE
Language code of text/sound track or separate title eng
080 ## - UNIVERSAL DECIMAL CLASSIFICATION NUMBER
Universal Decimal Classification number 611.018 B-76
245 ## - TITLE STATEMENT
Title Bone Mechanics Handbook /
Statement of responsibility, etc. Edited by Stephen C. Cowin.
250 ## - EDITION STATEMENT
Edition statement Second edition
264 ## - PRODUCTION, PUBLICATION, DISTRIBUTION, MANUFACTURE, AND COPYRIGHT NOTICE
Place of production, publication, distribution, manufacture London:
Name of producer, publisher, distributor, manufacturer CRC Press,
Date of production, publication, distribution, manufacture, or copyright notice 2001.
300 ## - PHYSICAL DESCRIPTION
Extent 700 p.;
Other physical details 26 cm.
653 ## - INDEX TERM--UNCONTROLLED
keyword ძვლის მექანიკური დაავადებები
653 ## - INDEX TERM--UNCONTROLLED
keyword მედიცინა
700 ## - ADDED ENTRY--PERSONAL NAME
Personal name Cowin, Stephen C.
Relator term რედაქტორი
9 (RLIN) 22134
942 ## - ADDED ENTRY ELEMENTS (KOHA)
Source of classification or shelving scheme
Koha item type წიგნი
ეგზემპლარები
Withdrawn status Lost status Source of classification or shelving scheme Damaged status Not for loan Permanent Location Current Location Shelving location Date acquired Cost, normal purchase price Full call number Barcode Date last seen Copy number Price effective from Koha item type Public note
          ბათუმის შოთა რუსთაველის სახელმწიფო უნივერსიტეტის მთავარი ბიბლიოთეკა ბათუმის შოთა რუსთაველის სახელმწიფო უნივერსიტეტის მთავარი ბიბლიოთეკა წიგნსაცავი 2024-05-22 576.00 611.018 B-76 67975 2024-05-22 67975 2024-05-22 წიგნი 576 ლ.